Boj o šťastné hry

Bibliographic Details
Main Author: Geregayová, Stela (Author)
Format: Article
Language:Slovak
ISSN:0862-9567
Subjects:

MARC

LEADER 00000nab a2200000 a 4500
001 vtls000623234
003 SK-MaSNL
005 20260303203740.0
008 180907c1997 xo 0 slo
015 |a SNBRB19rr/mm-uuuuu 
035 |a CL0623373 
040 |a SNKBUCL  |b slo  |c SNKBUCL  |e AACR2 
041 0 |a slo 
044 |a xo  |c SK 
080 |a 796.9.032.2  |2 1981 
100 1 |a Geregayová, Stela  |4 aut  |9 891694 
245 1 0 |a Boj o šťastné hry  |c Stela Geregayová 
611 2 7 |a Zimné olympijské hry  |2 snkbucl  |9 461111 
651 7 |a Vysoké Tatry (Poľsko a Slovensko : pohorie)  |2 SNKPHgeo  |9 67729 
651 7 |a Poprad (Slovensko)  |2 snkbucl  |9 20155 
655 7 |a články z novín a časopisov  |2 snkbucl  |9 267496 
773 0 |t Hospodárske noviny  |g Roč. 5, č. 63 (3. 4. 1997), s. 18  |x 0862-9567 
850 |a Slovenská národná knižnica v Martine  |a MTA001 
852 |a SNK  |b KIS3GCP 
958 |a SK 
992 |a RBX 
999 |c 2186926  |d 2188856